Catálogo
 En Linea
Vista normal Vista MARC

Entrada Nombre de reunión

Número de registros utilizados en: 1

001 - NÚMERO DE CONTROL

  • campo de control: 72473

003 - IDENTIFICADOR DEL NÚMERO DE CONTROL

  • campo de control: OSt

005 - FECHA Y HORA DE LA ÚLTIMA TRANSACCIÓN

  • campo de control: 20200615040103.0

008 - DATOS DE LONGITUD FIJA

  • campo de control de longitud fija: 200615|| aca||aabn | a|a d

040 ## - FUENTE DE LA CATALOGACIÓN

  • Centro catalogador/agencia de origen: OSt
  • Centro/agencia transcriptor: OSt

111 ## - ENCABEZAMIENTO--NOMBRE DE CONGRESO/REUNIÓN

  • Nombre de congreso/reunión o jurisdicción como elemento de entrada: Anais do Seminário Conhecendo e Reconhecendo a Dança na UFRJ
  • Número del congreso/reunión o número de parte o sección: (3ero. y 4to
  • Fecha del congreso/reunión: 02 a 11 de dez. de 2008 :
  • Sede del congreso/Lugar de la reunión: Rio de Janeiro)

670 ## - FUENTE DE DATOS ENCONTRADOS

  • Cita de la fuente: Work cat.: (OSt)43945: Anais do Seminário Conhecendo e Reconhecendo a Dança na UFRJ (3ero. y 4to 02 a 11 de dez. de 2008 : Rio de Janeiro), Conhecendo e reconhecendo a Danca Na UFRJ :, 2008.

Con tecnología Koha